|
|
|
|
| LEADER |
01619nam a22002537i 4500 |
| 003 |
GR-PaULI |
| 005 |
20250129114223.0 |
| 008 |
170703s1989 gr d|||| |||| 00| 0 gre d |
| 040 |
|
|
|a GR-PaULI
|b gre
|c GR-PaULI
|e AACR2
|
| 082 |
0 |
4 |
|a 889.109 01
|2 23
|
| 100 |
1 |
|
|9 163053
|a Παπασταϊκούδης, Νίκος Ι.
|e συγγραφέας
|
| 245 |
1 |
0 |
|a Κειμενοδιφική ανάλυση :
|b πρόταση και ανάπτυξη μιας νέας μεθόδου για την επιστημονική εξέταση λογοτεχνικών κειμένων /
|c Νίκος Ι. Παπασταϊκούδης.
|
| 260 |
|
|
|a Θεσσαλονίκη :
|b Κώδικας,
|c 1989.
|
| 300 |
|
|
|a 110 σ. :
|b πιν. ;
|c 21 εκ.
|
| 500 |
|
|
|a Σειρά μαθημάτων στις ΣΕΛΜΕ Θεσσαλονίκης και Καβάλας 1987-1988.
|
| 504 |
|
|
|6 Περιλαμβάνει βιβλιογραφία.
|
| 600 |
1 |
4 |
|a Σεφέρης, Γιώργος
|d 1900-1971
|x Μελέτη και διδασκαλία
|9 163056
|
| 600 |
1 |
4 |
|9 163058
|a Εμπειρίκος, Ανδρέας,
|d 1901-1975
|x Μελέτη και διδασκαλία.
|
| 600 |
1 |
0 |
|a Καβάφης, Κ. Π.
|q (Κωνσταντίνος Π.),
|d 1863-1933
|x Μελέτη και διδασκαλία
|9 53877
|
| 650 |
|
4 |
|9 50951
|a Νεοελληνική ποίηση
|x Μελέτη και διδασκαλία
|
| 942 |
|
|
|2 ddc
|c BK15
|
| 952 |
|
|
|0 0
|1 0
|2 ddc
|4 0
|6 889_109000000000000_01_ΠΑΠ
|7 0
|9 213653
|a THST
|b THST
|d 2017-07-03
|i 006941
|l 0
|o 889.109 01 ΠΑΠ
|p 025000013399
|r 2017-07-03 00:00:00
|t 1
|v 2017.00
|w 2017-07-03
|y BK15
|
| 998 |
|
|
|c ΜΑΝΙΑ
|d 2017-07
|
| 999 |
|
|
|c 129926
|d 129926
|